000 00764cab a22001815a 4500
001 L144951
008 080826e20080822xxkabdof s 000 0 eng d
035 _a(Sirsi) u144951
041 0 _aeng
100 1 _aSandher, Hardeep
245 0 0 _aSpecial report
_bbusiness and science parks
260 _c2008
490 _aProperty Week
_v73(34) 22 August 2008, 57-64(5)
520 _aSpecial report looks at aspects of the business park and science park markets including activity data; the relative successes of science parks in the face of the current economic downturn and commentary on a possible oversupply in the business park market.
651 4 _aEngland and Wales
_y1543-
690 _aPROPERTY-COMMERCIAL PROPERTY-OFFICE PROPERTY-BUSINESS PARKS
942 _n0
999 _c80662
_d80662